| 000 | 00785nam a2200253 a 4500 | ||
|---|---|---|---|
| 001 | 000044989 | ||
| 003 | DO-SdBNP | ||
| 005 | 20180226133040.0 | ||
| 007 | 000044989 | ||
| 008 | 150128s20uu dr a 000 0 spa d | ||
| 040 |
_aBPMET _bspa _cBPMET |
||
| 092 |
_axxxx _bxxxx |
||
| 100 | 1 | _aStanley, Avelino | |
| 245 | 1 | 0 |
_aPersonajes de nuestra historia / _cAvelino Stanley, Carlos Sáchez, Julio César Martínez. |
| 260 |
_aSanto Domingo : _bSusaeta Ediciones Dominicanas, _c1990. |
||
| 300 |
_a138 p. : _bil. ; _c21 cm. |
||
| 490 | 1 | _aBiblioteca susaeta | |
| 700 | 1 | _aSáchez, Carlos | |
| 700 | 1 | _aMartínez, Julio César | |
| 830 | 0 | _aBiblioteca susaeta | |
| 942 |
_2ddc _cBK |
||
| 945 | _aTítulo remanejado para BNPHU / 2017 VM | ||
| 956 |
_aVMATEO _b10 _c20150416 _lBPMSU _h00151 |
||
| 999 |
_c7657 _d7657 |
||